RDR2 quiz - Statistics

General Stats
  • This quiz has been taken 235 times
  • The average score is 19 of 28
Answer Stats
Hint Answer % Correct
Main character through the first 6 chapters arthur morgan
98%
the gangs rat micah bell
94%
gang member attacked by wolves john marston
92%
gangs leader dutch van der linde
91%
gang member that gets shot on the rooftop during the saint denis bank robbery lenny
91%
gang member that is Mexican javier
90%
son of the above two gang members jack
87%
Disease that infected the main character tuberculosis
87%
gang members wife to the above answer abigail
85%
the other gang member that died during the same mission hosea
85%
name the leader of the rival gang colm o'driscoll
81%
gang member that gets saved from blackwater in chapter 2 sean
80%
animal that is associated with good honour deer
75%
animal that is associated with bad honour wolf
75%
the island that the gang lands on during chapter 5 guarma
71%
name of the family that takes the child above in chapter 3 braithwaite
68%
name of the man that infects the main character with disease thomas downes
66%
state in which saint dennis is located lemoyne
65%
name of the main antagonist during chapter 4 angelo bronte
63%
gang member that is saved in chapter 1 sadie adler
60%
the main gangs rival gang o'driscolls
57%
wife of the character above edith downes
54%
name of the camp that the gangs staying at in chapter 6 beaver hollow
53%
name of the man from blackwater that can be saved in a chapter 2 mission jimmy brooks
34%
song which plays during the main characters final ride thats the way it is
27%
song which plays during the main characters death crash of worlds
25%
mission name that the disease is diagnosed in a fork in the road
24%
hideout of rival gang that is discovered in chapter 2 six point cabin
21%
No matching quizzes found
Score Distribution
Percent of People with Each Score
Percentile by Number Answered
Your Score History
You have not taken this quiz